000 00921nam a2200241 a 4500
003 0
005 20250307125639.0
008 080827s19uu xx 00 eng d
050 _aPGS QL 757.5.P53
_b.J33 2008
100 _aJang, Yun Jung.
245 _aEffect of jackfruit (Artocarpus heterophyllus) and ipil-ipil (Leucaena leucocephala) leaf extract on the mortality of Ascaris suum /
_cYun Jung Jang.
260 _aLas PiƱas City, Philippines :
_bSouthville International School and Colleges,
_c2008.
300 _a25 pages :
_billustrations ;
_c28 cm.
504 _aIncludes bibliographical references.
650 _aAscaris suum.
650 _aNematode diseases.
650 _aAnthelmintics.
650 _aBotanical insecticides.
650 _aJackfruit (Artocarpus heterophyllus).
650 _aIpil-ipil (Leucaena leucocephala).
650 _aBiological pest control.
942 _2lcc
_cPASS
999 _c98046
_d98046